L'inconscient dans la vie psychique normale et anormale / (Record no. 85753)

MARC details
000 -LEADER
campo de control de longitud fija 00720nam a2200217 i 4500
001 - NÚMERO DE CONTROL
campo de control 85753
003 - IDENTIFICADOR DE NÚMERO DE CONTROL
campo de control ES-MaACL
005 - FECHA Y HORA DE LA ÚLTIMA TRANSACCIÓN
campo de control 20250926063056.0
007 - CAMPO FIJO DE DESCRIPCIÓN FÍSICA--INFORMACIÓN GENERAL
campo de control de longitud fija t|
008 - DATOS DE LONGITUD FIJA--INFORMACIÓN GENERAL
campo de control de longitud fija 041201s1928 fr ||||1| fre d
100 1# - ENTRADA PRINCIPAL--NOMBRE DE PERSONA
Nombre de persona Jung, Carl G.,
Fechas asociadas al nombre 1875-1961
9 (RLIN) 67282
245 12 - MENCIÓN DEL TÍTULO
Título L'inconscient dans la vie psychique normale et anormale /
Mención de responsabilidad, etc. C. Jung ; traduit de l'allemand par le Dr. Grandjean-Bayard.
260 ## - PUBLICACIÓN, DISTRIBUCIÓN, ETC.
Lugar de publicación, distribución, etc. Paris :
Nombre del editor, distribuidor, etc. Payot,
Fecha de publicación, distribución, etc. 1928 (
Fabricante Vannes Lafolya)
300 ## - DESCRIPCIÓN FÍSICA
Extensión 190 p. ;
Dimensiones 23 cm.
490 1# - MENCIÓN DE SERIE
Mención de serie Bibliothèque scientifique
650 04 - PUNTO DE ACCESO ADICIONAL DE MATERIA--TÉRMINO DE MATERIA
Término de materia o nombre geográfico como elemento de entrada Psicoanálisis.
9 (RLIN) 16530
700 1# - ENTRADA AGREGADA--NOMBRE PERSONAL
Nombre de persona Grandjean-Bayard, E.
9 (RLIN) 59610
830 0# - PUNTO DE ACCESO ADICIONAL DE SERIE-TÍTULO UNIFORME
Título uniforme Bibliothèque scientifique
9 (RLIN) 181657
852 ## - LOCALIZACIÓN
Ubicación ES-MaACL
Número de control de estantería A-2651
Holdings
Estatus retirado Estado de pérdida Estado de daño No para préstamo Biblioteca de origen Biblioteca actual Ubicación en estantería Fecha de adquisición Fuente de adquisición Total de préstamos Signatura topográfica completa Código de barras Visto por última vez Precio de reemplazo Tipo de ítem Koha
        Biblioteca del Ateneo de Madrid Biblioteca del Ateneo de Madrid Sala Pecera Planta 1 17/01/2008     A-2651 1089604 23/02/2023 23/02/2023 Libro impreso